000
00401nam a2200133Ia 4500
008
151001s9999||||xx |||||||||||||| ||und||
100
_a
सुहास बारटक्के
245
_a
कोकणातल्या आडवाटा
250
_a
1
260
_b
नवचेतन्य प्रकाशन मुंबई
260
_c
2009
300
_a
96
365
_b
21
999
_c
992170
_d
992167